| 000 | 00543nam a2200181Ia 4500 | ||
|---|---|---|---|
| 999 |
_c14747 _d14747 |
||
| 003 | OSt | ||
| 005 | 20201021103258.0 | ||
| 008 | 190216s9999||||xx |||||||||||||| ||und|| | ||
| 020 | _a9780195658378 | ||
| 040 | _coclc | ||
| 082 |
_a821.912 _bJAI/C |
||
| 100 |
_aJain, Manju _95547 |
||
| 245 | 2 |
_aA Critical Reading Of The Selected Poems Of T S Eliot / _cManju Jain |
|
| 260 |
_bOxford University Press , _c2012. _aNew Delhi: |
||
| 300 | _a260p | ||
| 650 | _aEnglish | ||
| 942 |
_cBK _2ddc _h821.912 _iJAI/C _k821.912 _mJAI/C |
||